000 00671nam a22002297a 4500
999 _c39146
_d39146
001 9062
003 CO-MdFUSB
005 20170929093205.0
008 170929t2001 enk||||| |||| 00| 0 eng d
020 _a1-84127-180-2
040 _aCO-MdFUSB
_bspa
_cCO-MdFUSB
_dCO-MdFUSBC
_erda
041 0 _aeng
082 0 4 _aG 224.106 B141w
100 1 _aBaer, David A.
_eautor
245 1 0 _aWhen we all go home
_b : Translation and Theology in LXX Isaiah 56-66
_c/ David A. Baer
264 4 _aEngland :
_bSheffield,
_c©2001
300 _a304 Pag
336 _2rdacontent
_atexto
_btxt
337 _2rdamedia
_asin mediación
_bn
338 _2rdacarrier
_avolumen
_bnc
942 _cBK